000 00555nam a2200217 i 4500
001 C2-0304059
003 PPAK
005 20180728085033.0
008 100421s1969 nyu |||| ||||| | eng d
040 _aPPAK
_beng
_cPPAK
_erda
082 0 4 _a823
_223
090 0 0 _a823
_bCHE
_dKIH
100 1 _aCheever, john,
_eauthor
245 1 0 _aBullet park
264 1 _aNew York :
_bAlfred A. Knopf ,
_c1969
300 _a245 pages ;
_c21 cm
336 _2rdacontent
_atext
337 _2rdamedia
_aunmediated
338 _2rdacarrier
_avolume
942 _ddc
_cB
999 _c107224
_d107224